000
00307nam a2200157Ia 4500
100
_a
Natarajan/A.M
250
_a
2
942
_c
BK
366
_f
25
245
_a
Operation Research
260
_b
Pearson
_c
2014
082
_a
658.4
_b
NAT
300
_a
728
546
_a
ENGLISH
_c
Info.Tech
999
_c
35514
_d
35514